000
00265nam a22001217a 4500
999
_c
534039
_d
534039
040
_c
DLC
082
_a
822.3
100
_a
Emma Smith
_9
28156
245
_a
Christopher Marlowe the plays
260
_a
Great Britain
_c
c2000
300
_a
546;p
942
_2
ddc
_c
BK